[Event "DVM U12 2003"]
[Site "Verden/Aller GER"]
[Date "2003.12.29"]
[Round "6"]
[White "Vollmer, Jürgen"]
[Black "Huschenbeth, Niclas"]
[Result "0-1"]
[Termination "normal"]
[Board "4.1"]
[WhiteElo "1460"]
[BlackElo "1891"]
[WhiteTeam "SC Rastatt"]
[BlackTeam "SK Johanneum Eppendorf"]
[PlyCount "86"]
[BlackFideId "24604747"]
[EventCountry "GER"]
[EventRounds "7"]
[EventType "team-swiss"]
[EventDate "2003.12.26"]

1. d4 Nf6 2. Nf3 g6 3. Bg5 Ne4 4. e3 Bg7 5. Bd3 Nxg5 6. Nxg5 d5 7. c4 c6 8. Nc3
e5 9. Nxf7 Kxf7 10. dxe5 Bxe5 11. Qf3+ Qf6 12. Qxf6+ Bxf6 13. cxd5 Bxc3+ 14.
bxc3 cxd5 15. Rb1 Nc6 16. Kd2 Ne5 17. Rbc1 Nxd3 18. Kxd3 Bf5+ 19. Ke2 Rac8 20.
Rhd1 Rc5 21. Rd4 Rhc8 22. Kd2 b5 23. a3 Be6 24. Rc2 Rc4 25. Rc1 Rxd4+ 26. exd4
Re8 27. Re1 Bg4 28. Rxe8 Kxe8 29. h3 Be6 30. Ke3 Kf7 31. g4 Kf6 32. Kf4 h6 33.
h4 h5 34. g5+ Ke7 35. Ke3 Bh3 36. Kf4 Ke6 37. f3 Bf1 38. Kg3 Kf5 39. Kf2 Bd3
40. Ke3 Bb1 41. Kd2 Kf4 42. Kc1 Bd3 43. Kd2 Bc4 0-1

[Event "DVM U12 2003"]
[Site "Verden/Aller GER"]
[Date "2003.12.29"]
[Round "6"]
[White "Moshtael, Wesal"]
[Black "Hietter, Marc-Aurel"]
[Result "1-0"]
[Termination "normal"]
[Board "4.2"]
[WhiteElo "1637"]
[BlackElo "1198"]
[WhiteTeam "SK Johanneum Eppendorf"]
[BlackTeam "SC Rastatt"]
[PlyCount "105"]
[WhiteFideId "24618551"]
[EventCountry "GER"]
[EventRounds "7"]
[EventType "team-swiss"]
[EventDate "2003.12.26"]

1. Nf3 Nf6 2. c4 g6 3. d4 d6 4. Nc3 Bg7 5. e4 Bg4 6. Be3 Nbd7 7. Be2 O-O 8. O-O
Re8 9. Qd2 e5 10. d5 b6 11. b4 a5 12. a3 Qb8 13. h3 Bxf3 14. Bxf3 Qa7 15. Nb5
Qb7 16. Rfb1 Ra6 17. c5 dxc5 18. bxc5 Qb8 19. Qc2 Ra8 20. Bd1 Qd8 21. f3 h5 22.
Qf2 Bf8 23. cxb6 cxb6 24. d6 Rc8 25. Nc7 Rxc7 26. dxc7 Qxc7 27. Ba4 Rc8 28.
Bxd7 Nxd7 29. Kh1 Bc5 30. Rc1 Kg7 31. Rd1 Qc6 32. Rac1 a4 33. Qd2 Nf6 34. Rc2
h4 35. Bf2 Rc7 36. Bxh4 Nd7 37. Rdc1 f6 38. Bf2 g5 39. Rc4 Kg6 40. Qc2 Kh5 41.
Rxa4 b5 42. Ra5 Qb6 43. Ra8 Rc6 44. Qa2 Re6 45. Qd5 Re7 46. Bxc5 Nxc5 47. Qxc5
Qxc5 48. Rxc5 Rb7 49. Rc1 Kg6 50. Rb1 f5 51. Ra5 fxe4 52. fxe4 g4 53. Raxb5 1-0

[Event "DVM U12 2003"]
[Site "Verden/Aller GER"]
[Date "2003.12.29"]
[Round "6"]
[White "Kaupp, Dennis"]
[Black "Stellfeld, Tilman"]
[Result "0-1"]
[Termination "normal"]
[Board "4.3"]
[WhiteElo "1221"]
[BlackElo "1180"]
[WhiteTeam "SC Rastatt"]
[BlackTeam "SK Johanneum Eppendorf"]
[PlyCount "58"]
[BlackFideId "24651311"]
[EventCountry "GER"]
[EventRounds "7"]
[EventType "team-swiss"]
[EventDate "2003.12.26"]

1. Nf3 c5 2. g3 b6 3. Bg2 Bb7 4. O-O e6 5. d3 Nf6 6. c4 d6 7. e4 Nbd7 8. Nbd2
Qc7 9. Re1 a6 10. a4 Be7 11. b3 O-O 12. Bb2 Rad8 13. d4 cxd4 14. Nxd4 Ne5 15.
Qc2 Nc6 16. N4f3 Qb8 17. h4 a5 18. Ng5 Nb4 19. Qb1 h6 20. Ngf3 Rd7 21. e5 dxe5
22. Bxe5 Qc8 23. Bc3 Nd3 24. Rd1 Bc5 25. Rf1 Ng4 26. Nd4 Bxg2 27. Kxg2 Qb7+ 28.
Kg1 Bxd4 29. Bxd4 Rxd4 0-1

[Event "DVM U12 2003"]
[Site "Verden/Aller GER"]
[Date "2003.12.29"]
[Round "6"]
[White "Gadschisade, Machmud"]
[Black "Boos, Philipp"]
[Result "1-0"]
[Termination "normal"]
[Board "5.1"]
[WhiteElo "1496"]
[BlackElo "1245"]
[WhiteTeam "SG Porz"]
[BlackTeam "USV TU Dresden"]
[PlyCount "47"]
[WhiteFideId "4647734"]
[EventCountry "GER"]
[EventRounds "7"]
[EventType "team-swiss"]
[EventDate "2003.12.26"]

1. e4 d5 2. exd5 Qxd5 3. Nc3 Qa5 4. d4 Nf6 5. Nf3 Bf5 6. Bd2 c6 7. Ne4 Qc7 8.
Nxf6+ gxf6 9. g3 e6 10. Bg2 Bd6 11. O-O Nd7 12. Re1 O-O-O 13. c4 c5 14. b4 cxd4
15. Nxd4 Bg6 16. Nb5 Qb8 17. Bxb7+ Kxb7 18. Qf3+ Kc8 19. Qc6+ Qc7 20. Nxc7 Bxc7
21. Qa6+ Kb8 22. Be3 Nb6 23. c5 Na8 24. c6 1-0

[Event "DVM U12 2003"]
[Site "Verden/Aller GER"]
[Date "2003.12.29"]
[Round "6"]
[White "Lorenz, Nicole"]
[Black "Gossmann, Philipp"]
[Result "0-1"]
[Termination "normal"]
[Board "5.2"]
[WhiteElo "1375"]
[BlackElo "1323"]
[WhiteTeam "USV TU Dresden"]
[BlackTeam "SG Porz"]
[PlyCount "58"]
[WhiteFideId "24623709"]
[EventCountry "GER"]
[EventRounds "7"]
[EventType "team-swiss"]
[EventDate "2003.12.26"]

1. d4 d5 2. c4 c6 3. Nc3 e6 4. Bf4 dxc4 5. a4 Nf6 6. e4 Bb4 7. f3 Nbd7 8. Bxc4
Nb6 9. Bb3 O-O 10. Nge2 Bxc3+ 11. bxc3 Nh5 12. Be3 Qh4+ 13. Bf2 Qg5 14. a5 Nd7
15. O-O Nf4 16. Nxf4 Qxf4 17. Qe2 Qg5 18. Kh1 Nf6 19. Bc2 Nh5 20. Be3 Qh4 21.
Bf2 Qe7 22. Qe3 e5 23. Rfd1 Nf4 24. d5 Qg5 25. Bg3 h5 26. h4 Qxg3 27. Rd2 Qxh4+
28. Kg1 Qg5 29. Rad1 Nh3+ 0-1

[Event "DVM U12 2003"]
[Site "Verden/Aller GER"]
[Date "2003.12.29"]
[Round "6"]
[White "Wittig, Till"]
[Black "Osmanodja, Bilgin"]
[Result "1-0"]
[Termination "normal"]
[Board "5.3"]
[WhiteElo "1176"]
[BlackElo "1347"]
[WhiteTeam "SG Porz"]
[BlackTeam "USV TU Dresden"]
[PlyCount "85"]
[WhiteFideId "12944998"]
[EventCountry "GER"]
[EventRounds "7"]
[EventType "team-swiss"]
[EventDate "2003.12.26"]

1. e4 c5 2. c3 Nc6 3. d4 cxd4 4. cxd4 d6 5. Nf3 Nf6 6. Nc3 Bg4 7. Be2 g6 8. Be3
Bg7 9. h3 Bd7 10. Qd2 O-O 11. Bh6 Rc8 12. g4 e6 13. Bxg7 Kxg7 14. g5 Ng8 15. h4
f6 16. O-O-O Nb4 17. Kb1 Nc6 18. d5 exd5 19. exd5 Ne5 20. Nd4 Re8 21. Ncb5 Bxb5
22. Bxb5 Re7 23. Ne6+ Rxe6 24. dxe6 a5 25. Ba4 b5 26. Bb3 Rc6 27. f4 Nc4 28.
Bxc4 bxc4 29. Qc3 Kf8 30. Rhe1 fxg5 31. fxg5 Qe7 32. Qf3+ Kg7 33. Qxc6 Qf8 34.
Rxd6 Qf5+ 35. Ka1 Ne7 36. Qc7 Qf8 37. Rd7 Kg8 38. Rd8 h6 39. Qxe7 Qxd8 40.
Qxd8+ Kg7 41. Rf1 hxg5 42. hxg5 Kh7 43. Rf7# 1-0

[Event "DVM U12 2003"]
[Site "Verden/Aller GER"]
[Date "2003.12.29"]
[Round "6"]
[White "Osmanodja, Filiz"]
[Black "Akhundow, Sattar"]
[Result "1-0"]
[Termination "normal"]
[Board "5.4"]
[WhiteElo "1353"]
[BlackElo "1148"]
[WhiteTeam "USV TU Dresden"]
[BlackTeam "SG Porz"]
[PlyCount "109"]
[WhiteFideId "24633569"]
[EventCountry "GER"]
[EventRounds "7"]
[EventType "team-swiss"]
[EventDate "2003.12.26"]

1. e4 e5 2. Nf3 Nf6 3. Nc3 Nc6 4. Bb5 Bb4 5. O-O O-O 6. d3 Re8 7. Bg5 d6 8. h3
Qe7 9. Nd5 Qe6 10. Nxc7 Qe7 11. Nxe8 Qxe8 12. Bxf6 gxf6 13. Nh4 Be6 14. f4 exf4
15. Rxf4 Qc8 16. Nf5 Bc5+ 17. Kh1 Bxf5 18. exf5 Nd4 19. Bc4 Nxf5 20. Qg4+ Ng7
21. Qxc8+ Rxc8 22. Rxf6 Rc7 23. Raf1 Nh5 24. R6f3 Rd7 25. Bd5 Bd4 26. c3 Be5
27. Kg1 Kg7 28. Rxf7+ Rxf7 29. Rxf7+ Kg6 30. Rxb7 Nf6 31. Be4+ Nxe4 32. dxe4
Bf4 33. Kf2 h5 34. Rxa7 Kf6 35. Ra5 Be5 36. b4 Bxc3 37. Rf5+ Ke6 38. Rxh5 Bxb4
39. Rf5 Bc3 40. g4 Be5 41. h4 Bd4+ 42. Kf3 Be5 43. a4 Bc3 44. a5 Bd4 45. a6 Bc5
46. Rxc5 dxc5 47. a7 c4 48. a8=Q c3 49. Qd5+ Ke7 50. Qc6 Kf7 51. Qxc3 Kg6 52.
Qc6+ Kg7 53. Kf4 Kf7 54. Kg5 Kg7 55. Qc7+ 1-0

[Event "DVM U12 2003"]
[Site "Verden/Aller GER"]
[Date "2003.12.29"]
[Round "6"]
[White "Schätz, Christopher"]
[Black "Bohatschek, Daniel"]
[Result "1/2-1/2"]
[Termination "normal"]
[Board "6.1"]
[WhiteElo "1438"]
[BlackElo "1231"]
[WhiteTeam "USG Chemnitz"]
[BlackTeam "ZSG GW Waltershausen"]
[PlyCount "92"]
[WhiteFideId "24623997"]
[BlackFideId "4647629"]
[EventCountry "GER"]
[EventRounds "7"]
[EventType "team-swiss"]
[EventDate "2003.12.26"]

1. c4 e5 2. Nc3 c5 3. Nf3 d6 4. e3 Nc6 5. Be2 Nf6 6. d4 cxd4 7. exd4 exd4 8.
Nxd4 Be7 9. O-O O-O 10. Bf4 Nxd4 11. Qxd4 Qd7 12. Rfd1 Rd8 13. Rd2 a6 14. Rad1
Qc7 15. c5 Qa5 16. cxd6 Bf8 17. Qe5 Qxe5 18. Bxe5 Be6 19. Bxf6 gxf6 20. Ne4 f5
21. Nc5 Rab8 22. b4 Kg7 23. Bf3 b5 24. d7 Be7 25. Nb7 Bxb4 26. Nxd8 Rxd8 27.
Rb2 Ba3 28. Rc2 Rxd7 29. Rxd7 Bxd7 30. Rc7 Be6 31. Ra7 b4 32. Rxa6 Bxa2 33. Bd1
Be6 34. Bc2 Kf6 35. Bb3 Bb2 36. Kf1 Bc3 37. Ke2 Be5 38. Rb6 Bc3 39. f4 h6 40.
h3 h5 41. Kf3 Be1 42. Bxe6 fxe6 43. g4 hxg4+ 44. hxg4 fxg4+ 45. Kxg4 Ke7 46.
Rb5 Bc3 1/2-1/2

[Event "DVM U12 2003"]
[Site "Verden/Aller GER"]
[Date "2003.12.29"]
[Round "6"]
[White "Helmund, Thomas"]
[Black "Leschner, Marius"]
[Result "1-0"]
[Termination "normal"]
[Board "6.2"]
[WhiteElo "1224"]
[BlackElo "1234"]
[WhiteTeam "ZSG GW Waltershausen"]
[BlackTeam "USG Chemnitz"]
[PlyCount "73"]
[WhiteFideId "4647882"]
[BlackFideId "4613813"]
[EventCountry "GER"]
[EventRounds "7"]
[EventType "team-swiss"]
[EventDate "2003.12.26"]

1. d4 e6 2. c4 d5 3. Nc3 Nf6 4. Nf3 Nc6 5. Bg5 Be7 6. e3 O-O 7. Bd3 h6 8. Bh4
Nb4 9. Be2 a6 10. a3 Nc6 11. Qc2 dxc4 12. Bxc4 b5 13. Bd3 Bb7 14. O-O Rc8 15.
Rad1 Nd7 16. Bg3 Bd6 17. e4 Bxg3 18. fxg3 Nf6 19. e5 Nd5 20. Nxd5 Qxd5 21. Kh1
Nb8 22. g4 c5 23. Bh7+ Kh8 24. Qb1 c4 25. Rfe1 Qd7 26. Re3 Qe8 27. g5 Bxf3 28.
Rxf3 g6 29. Rh3 Kxh7 30. Rxh6+ Kg7 31. Qe4 Qd7 32. Qf4 Qe7 33. Qf6+ Qxf6 34.
exf6+ Kg8 35. Rf1 Rfd8 36. Rf4 Kf8 37. Rh8# 1-0

[Event "DVM U12 2003"]
[Site "Verden/Aller GER"]
[Date "2003.12.29"]
[Round "6"]
[White "Oltmanns, Ingmar"]
[Black "Schmidt, Lukas"]
[Result "1-0"]
[Termination "normal"]
[Board "6.3"]
[WhiteElo "1188"]
[BlackElo "901"]
[WhiteTeam "USG Chemnitz"]
[BlackTeam "ZSG GW Waltershausen"]
[PlyCount "63"]
[WhiteFideId "4613910"]
[EventCountry "GER"]
[EventRounds "7"]
[EventType "team-swiss"]
[EventDate "2003.12.26"]

1. c4 e5 2. Nc3 Nf6 3. d3 Bc5 4. Nf3 Nc6 5. g3 d6 6. Bg2 O-O 7. O-O Rb8 8. Bd2
a6 9. a3 b5 10. cxb5 axb5 11. Qc2 d5 12. b4 Ba7 13. Nxb5 Rxb5 14. Qxc6 Rb8 15.
Nxe5 Bb7 16. Qc2 Re8 17. Bc3 d4 18. Bxb7 dxc3 19. Nc6 Qd6 20. Nxb8 Rxb8 21. Bg2
Ng4 22. e3 Qf6 23. d4 Qh6 24. h3 Nf6 25. Qxc3 Rc8 26. Rfc1 Bb6 27. a4 c6 28.
Qb3 Bd8 29. a5 g6 30. a6 Ra8 31. b5 cxb5 32. Bxa8 1-0

[Event "DVM U12 2003"]
[Site "Verden/Aller GER"]
[Date "2003.12.29"]
[Round "6"]
[White "Steinacker, Alex"]
[Black "Allert, Maximilian"]
[Result "1-0"]
[Termination "normal"]
[Board "6.4"]
[WhiteElo "935"]
[BlackElo "1315"]
[WhiteTeam "ZSG GW Waltershausen"]
[BlackTeam "USG Chemnitz"]
[PlyCount "123"]
[WhiteFideId "24647195"]
[EventCountry "GER"]
[EventRounds "7"]
[EventType "team-swiss"]
[EventDate "2003.12.26"]

1. e4 e5 2. Nf3 Nc6 3. Bb5 d6 4. c3 Bd7 5. d4 exd4 6. cxd4 Nf6 7. Nc3 a6 8. Ba4
b5 9. Bc2 Bg4 10. d5 Ne5 11. Bg5 Be7 12. Bf4 Nxf3+ 13. gxf3 Bd7 14. Rg1 Nh5 15.
Bd2 O-O 16. f4 g6 17. Qxh5 Kh8 18. Qf3 c6 19. dxc6 Bxc6 20. Qe3 Qd7 21. Ne2 Bf6
22. Bc3 Bxc3+ 23. Qxc3+ Kg8 24. f5 Qe8 25. f3 Rc8 26. Qf6 Qd8 27. Qxd8 Rfxd8
28. h4 Be8 29. Bb3 Kg7 30. Nf4 Kf6 31. Nd5+ Kg7 32. h5 Rd7 33. hxg6 Rc6 34. f6+
Kh8 35. g7+ Kg8 36. Ne7+ Rxe7 37. fxe7 Rc7 38. Kf2 Rxe7 39. Rg2 Bd7 40. Rh1 Re8
41. Ke3 Bc6 42. Kd4 a5 43. Bc2 Ra8 44. Rg3 a4 45. e5 f5 46. exf6 Kf7 47. Bxh7
b4 48. g8=Q+ Rxg8 49. Bxg8+ Kxf6 50. Rh6+ Ke7 51. Rg7+ Kf8 52. Rgg6 Be8 53. Rg5
b3 54. axb3 axb3 55. Bxb3 Ke7 56. Re6+ Kf8 57. Rf5+ Kg7 58. Rxe8 Kg6 59. Ke4
d5+ 60. Bxd5 Kg7 61. Rg8+ Kh6 62. b4 1-0

[Event "DVM U12 2003"]
[Site "Verden/Aller GER"]
[Date "2003.12.29"]
[Round "6"]
[White "Kordts, Florian"]
[Black "Gölz, Daniel"]
[Result "0-1"]
[Termination "normal"]
[Board "7.1"]
[WhiteElo "1400"]
[BlackElo "1643"]
[WhiteTeam "SC Postbauer-Heng"]
[BlackTeam "SK Feilbingert"]
[PlyCount "179"]
[WhiteFideId "24626856"]
[BlackFideId "24626325"]
[EventCountry "GER"]
[EventRounds "7"]
[EventType "team-swiss"]
[EventDate "2003.12.26"]

1. c4 Nf6 2. Nc3 e6 3. d4 c6 4. e4 Bb4 5. Bg5 h6 6. Bxf6 Qxf6 7. Nf3 O-O 8. e5
Qe7 9. Qd3 d6 10. exd6 Qxd6 11. a3 Bxc3+ 12. Qxc3 Nd7 13. Be2 c5 14. Rd1 Qe7
15. O-O b6 16. Rd2 Bb7 17. Rfd1 Rfd8 18. b4 Nf6 19. dxc5 Rxd2 20. Qxd2 bxc5 21.
Qd6 Qxd6 22. Rxd6 cxb4 23. axb4 a5 24. Rb6 Be4 25. Nd2 axb4 26. Rxb4 Ra1+ 27.
Nf1 Re1 28. Rb2 Kf8 29. f3 Bg6 30. Kf2 Rc1 31. Ne3 Ke7 32. g4 Nd7 33. h4 Ne5
34. Rd2 Rc3 35. f4 Nd3+ 36. Kf3 Nc5 37. Rd4 Nb3 38. Rd1 Bc2 39. Re1 Bd3 40.
Bxd3 Rxd3 41. Ke2 Rd2+ 42. Kf1 Rh2 43. Re2 Nd2+ 44. Ke1 Nf3+ 45. Kf1 Rxe2 46.
Kxe2 Nxh4 47. Kf2 Ng6 48. Kf3 Kd6 49. Ke4 Kc5 50. f5 Nf8 51. Ke5 Nd7+ 52. Ke4
e5 53. Kd3 Kd6 54. Ke4 Nf6+ 55. Kf3 Kc5 56. Kg3 Ne4+ 57. Kg2 Kd4 58. Kf3 Nd2+
59. Ke2 Nxc4 60. Nc2+ Ke4 61. Ne1 Ne3 62. Nf3 Nxg4 63. Nd2+ Kxf5 64. Kf3 f6 65.
Nf1 h5 66. Ng3+ Kg6 67. Kg2 f5 68. Kf3 Kg5 69. Ne2 h4 70. Ng1 e4+ 71. Kg2 f4
72. Kh3 f3 73. Nxf3+ Kf4 74. Nxh4 Ne5 75. Ng2+ Kf3 76. Nh4+ Kf2 77. Nf5 g5 78.
Ng3 Kf3 79. Kh2 e3 80. Kh3 e2 81. Nxe2 Kxe2 82. Kg3 Ke3 83. Kg2 Kf4 84. Kf2 g4
85. Kg2 g3 86. Kg1 Kf3 87. Kf1 g2+ 88. Kg1 Nc6 89. Kh2 Kf2 90. Kh3 0-1

[Event "DVM U12 2003"]
[Site "Verden/Aller GER"]
[Date "2003.12.29"]
[Round "6"]
[White "Cornish, Alexander"]
[Black "Riexinger, Martin"]
[Result "0-1"]
[Termination "normal"]
[Board "7.2"]
[WhiteElo "1201"]
[BlackElo "1289"]
[WhiteTeam "SK Feilbingert"]
[BlackTeam "SC Postbauer-Heng"]
[PlyCount "116"]
[BlackFideId "24674320"]
[EventCountry "GER"]
[EventRounds "7"]
[EventType "team-swiss"]
[EventDate "2003.12.26"]

1. e4 d6 2. d4 Nf6 3. Nc3 g6 4. Nf3 Bg7 5. Bc4 O-O 6. Be3 Ng4 7. O-O Nxe3 8.
fxe3 c5 9. h3 e6 10. Qe2 Qb6 11. Na4 Qa5 12. b3 a6 13. Qd2 Qxd2 14. Nxd2 cxd4
15. Rae1 dxe3 16. Nf3 Nd7 17. Rxe3 b5 18. Be2 bxa4 19. bxa4 Nc5 20. Rd1 Rd8 21.
e5 d5 22. Bf1 Nxa4 23. Rd4 Bd7 24. Red3 Bf8 25. Kh1 Bb5 26. Rd1 Nc3 27. Ra1
Bxf1 28. Rxf1 Nxa2 29. Ng5 Rd7 30. Ra1 Nc3 31. Rd3 Nb5 32. Rb3 Nd4 33. Rb2 Bg7
34. Re1 Rc8 35. Rb6 h6 36. Nf3 Nxf3 37. gxf3 Rxc2 38. Rxa6 Rf2 39. Ra3 d4 40.
Rd3 Rc2 41. f4 Rc3 42. Red1 Rxd3 43. Rxd3 Kf8 44. Kg2 f6 45. exf6 Bxf6 46. Kf3
e5 47. fxe5 Bxe5 48. Ke4 Bg7 49. h4 Ke7 50. Kf3 Kd6 51. Ke4 Kc5 52. Kf3 Kc4 53.
Ke2 Rb7 54. Rg3 Rb6 55. Kd2 Be5 56. Rg4 g5 57. hxg5 hxg5 58. Rxg5 Bf4+ 0-1

[Event "DVM U12 2003"]
[Site "Verden/Aller GER"]
[Date "2003.12.29"]
[Round "6"]
[White "Grimm, Pascal"]
[Black "Gertenbach, Robin"]
[Result "1-0"]
[Termination "normal"]
[Board "7.3"]
[WhiteElo "1315"]
[BlackElo "1117"]
[WhiteTeam "SC Postbauer-Heng"]
[BlackTeam "SK Feilbingert"]
[PlyCount "99"]
[WhiteFideId "24620122"]
[EventCountry "GER"]
[EventRounds "7"]
[EventType "team-swiss"]
[EventDate "2003.12.26"]

1. c4 Nf6 2. Nc3 e5 3. g3 Bb4 4. Bg2 Nc6 5. a3 Bxc3 6. bxc3 d5 7. cxd5 Nxd5 8.
Qc2 O-O 9. Nf3 Re8 10. e4 Nf6 11. O-O Bg4 12. h3 Bxf3 13. Bxf3 Qd7 14. Bg2 Re6
15. Rb1 b6 16. Bb2 Rd8 17. Rbd1 a5 18. Rfe1 g6 19. d4 exd4 20. cxd4 Qd6 21. d5
Qc5 22. Qxc5 bxc5 23. dxe6 Rxd1 24. Rxd1 Ne8 25. exf7+ Kxf7 26. e5 Ne7 27. Bd5+
Nxd5 28. Rxd5 Ke6 29. Rd8 Kf7 30. Rxe8 Kxe8 31. Kf1 Kd7 32. Ke2 Ke6 33. f4 h5
34. g4 hxg4 35. hxg4 c6 36. Ke3 c4 37. Ke4 a4 38. f5+ gxf5+ 39. gxf5+ Ke7 40.
Kd4 Kd7 41. Kxc4 Ke7 42. Kc5 Kd7 43. e6+ Ke7 44. Kxc6 Ke8 45. Kd6 Kd8 46. e7+
Ke8 47. Bc3 Kf7 48. Kd7 Kg8 49. e8=Q+ Kh7 50. Qh8# 1-0

[Event "DVM U12 2003"]
[Site "Verden/Aller GER"]
[Date "2003.12.29"]
[Round "6"]
[White "Wendling, Hannes"]
[Black "Rubin, Christian"]
[Result "0-1"]
[Termination "normal"]
[Board "8.1"]
[WhiteElo "1646"]
[BlackElo "1377"]
[WhiteTeam "Naumburger SV"]
[BlackTeam "SV Oberkochen"]
[PlyCount "140"]
[WhiteFideId "24624284"]
[EventCountry "GER"]
[EventRounds "7"]
[EventType "team-swiss"]
[EventDate "2003.12.26"]

1. e4 e5 2. Nc3 Nf6 3. g3 Bc5 4. Bg2 d6 5. Nge2 Bg4 6. h3 Bh5 7. O-O Nc6 8. a3
Nd4 9. Qe1 Nxc2 10. Qd1 Nxa1 11. d3 Bxe2 12. Nxe2 h6 13. Nc3 Bd4 14. Bd2 O-O
15. Qxa1 c6 16. Qa2 Qb6 17. b4 Bxc3 18. Bxc3 Nh5 19. Kh2 Kh8 20. Qe2 Nf6 21. f4
Nd7 22. Qg4 Qc7 23. Bd2 Rg8 24. fxe5 Nxe5 25. Qh5 Kh7 26. d4 Ng6 27. e5 dxe5
28. Be4 exd4 29. Rf6 Rge8 30. Rxg6 fxg6 31. Bxg6+ Kg8 32. Bxe8 Kf8 33. Bg6 Kg8
34. Bf4 Qd8 35. Qf5 Qe7 36. Qd3 Rd8 37. h4 Qe6 38. Bf5 Qf6 39. Kg2 b6 40. Qc4+
Kh8 41. Qe6 Qxe6 42. Bxe6 d3 43. Bd2 Re8 44. Bg4 c5 45. bxc5 bxc5 46. Kf2 c4
47. a4 Re7 48. a5 Rb7 49. Ke3 Rb2 50. Bf5 Ra2 51. Be4 Rc2 52. h5 c3 53. Kxd3
Rxd2+ 54. Kxc3 Rd6 55. g4 Kg8 56. Kc4 Rf6 57. Kc5 Kf8 58. Bf5 Ke7 59. Kb5 Kd8
60. Kc5 Kc7 61. Kb5 a6+ 62. Kc5 Rc6+ 63. Kd5 Rd6+ 64. Kc5 Rd1 65. Be4 Rd2 66.
Bd5 Rb2 67. Bc4 Kb7 68. Bd5+ Ka7 69. Bc4 Rc2 70. Kb4 Rf2 0-1

[Event "DVM U12 2003"]
[Site "Verden/Aller GER"]
[Date "2003.12.29"]
[Round "6"]
[White "Dinger, Solvejg"]
[Black "Mertens, Fridolin"]
[Result "1-0"]
[Termination "normal"]
[Board "8.2"]
[WhiteElo "1248"]
[BlackElo "1192"]
[WhiteTeam "SV Oberkochen"]
[BlackTeam "Naumburger SV"]
[PlyCount "73"]
[BlackFideId "24671940"]
[EventCountry "GER"]
[EventRounds "7"]
[EventType "team-swiss"]
[EventDate "2003.12.26"]

1. e4 c5 2. Nf3 d6 3. d4 cxd4 4. Nxd4 Nf6 5. Nc3 a6 6. g3 e5 7. Nf3 Be6 8. Ng5
Be7 9. Nxe6 fxe6 10. Bh3 Qd7 11. O-O O-O 12. Nd5 Nxe4 13. Bxe6+ Qxe6 14. Nc7
Qf7 15. Nxa8 Nxf2 16. Qe2 Nh3+ 17. Kg2 Qe6 18. Nc7 Qd7 19. Rxf8+ Bxf8 20. Qc4+
Kh8 21. Nd5 h6 22. Qc7 Qxc7 23. Nxc7 Ng5 24. Bxg5 hxg5 25. Rf1 Be7 26. Nd5 Nc6
27. Rf5 g4 28. Ne3 Nd4 29. Rf7 Bf6 30. Nxg4 Nxc2 31. Nxf6 gxf6 32. Rxf6 e4 33.
Rxd6 e3 34. Kf3 Kg7 35. Rd7+ Kf6 36. Rc7 Nd4+ 37. Kxe3 1-0

[Event "DVM U12 2003"]
[Site "Verden/Aller GER"]
[Date "2003.12.29"]
[Round "6"]
[White "Pfefferkorn, Adrian"]
[Black "Kurz, Kevin"]
[Result "1-0"]
[Termination "normal"]
[Board "8.3"]
[WhiteElo "1330"]
[BlackElo "1063"]
[WhiteTeam "Naumburger SV"]
[BlackTeam "SV Oberkochen"]
[PlyCount "39"]
[EventCountry "GER"]
[EventRounds "7"]
[EventType "team-swiss"]
[EventDate "2003.12.26"]

1. e4 e5 2. Nf3 Nc6 3. Bc4 Bc5 4. c3 Nf6 5. d4 exd4 6. e5 Ng4 7. cxd4 Bb4+ 8.
Bd2 O-O 9. Bxb4 Nxb4 10. O-O a6 11. Qd2 Nc6 12. Re1 d5 13. Bb3 f6 14. a3 Nh6
15. Nc3 Be6 16. Rad1 Qe8 17. Nxd5 Rc8 18. exf6 gxf6 19. Qxh6 Qf7 20. Rxe6 1-0

[Event "DVM U12 2003"]
[Site "Verden/Aller GER"]
[Date "2003.12.29"]
[Round "6"]
[White "Schmitt, Philipp"]
[Black "Thewes, Johannes"]
[Result "1/2-1/2"]
[Termination "normal"]
[Board "9.1"]
[WhiteElo "1446"]
[BlackElo "943"]
[WhiteTeam "SF Bad Mergentheim"]
[BlackTeam "SC Reti Heusweiler"]
[PlyCount "38"]
[WhiteFideId "24641766"]
[BlackFideId "4624823"]
[EventCountry "GER"]
[EventRounds "7"]
[EventType "team-swiss"]
[EventDate "2003.12.26"]

1. e4 e6 2. d4 d5 3. exd5 exd5 4. Bd3 Bd6 5. Nf3 Nf6 6. O-O O-O 7. Bg5 h6 8.
Bh4 Bg4 9. c3 c6 10. Nbd2 Nbd7 11. Re1 Re8 12. Rxe8+ Qxe8 13. Qc2 Qc8 14. Re1
Qc7 15. Bf5 Bxf5 16. Qxf5 Re8 17. Rxe8+ Nxe8 18. Bg3 Bxg3 19. hxg3 Nef6 1/2-1/2

[Event "DVM U12 2003"]
[Site "Verden/Aller GER"]
[Date "2003.12.29"]
[Round "6"]
[White "Zimmer, Dominic"]
[Black "Pfleger, Jochen"]
[Result "0-1"]
[Termination "normal"]
[Board "9.2"]
[WhiteElo "759"]
[BlackElo "1214"]
[WhiteTeam "SC Reti Heusweiler"]
[BlackTeam "SF Bad Mergentheim"]
[PlyCount "102"]
[BlackFideId "24641634"]
[EventCountry "GER"]
[EventRounds "7"]
[EventType "team-swiss"]
[EventDate "2003.12.26"]

1. e4 e6 2. d3 d5 3. Nd2 dxe4 4. Nxe4 g6 5. Nf3 Bg7 6. g3 Nf6 7. Be3 Nxe4 8.
dxe4 Qxd1+ 9. Rxd1 Bxb2 10. Bg2 Bc3+ 11. Bd2 Bxd2+ 12. Nxd2 e5 13. O-O Be6 14.
Nf3 Nc6 15. Rd2 Bxa2 16. Rfd1 O-O 17. c3 Be6 18. Ng5 Rad8 19. Rxd8 Rxd8 20. Ra1
h6 21. Nxe6 fxe6 22. c4 b6 23. Bf1 a5 24. Bh3 Kf7 25. f3 Rd2 26. Rf1 Rc2 27. f4
exf4 28. Rxf4+ Ke7 29. e5 Nxe5 30. Re4 Nxc4 31. Rxe6+ Kf7 32. Re4 Nd6 33. Rf4+
Kg7 34. Bf1 b5 35. Bd3 Rd2 36. Bb1 Rd1+ 37. Rf1 Rxf1+ 38. Kxf1 Kf6 39. Kf2 g5
40. Kf3 a4 41. Ke2 Ke5 42. Kd3 Kd5 43. Kc3 Kc5 44. h4 gxh4 45. gxh4 b4+ 46. Kd2
a3 47. h5 b3 48. Kc3 a2 49. Bc2 bxc2 50. Kxc2 a1=Q 51. Kb3 Qd4 0-1

[Event "DVM U12 2003"]
[Site "Verden/Aller GER"]
[Date "2003.12.29"]
[Round "6"]
[White "Popp, Eduard"]
[Black "Sonnhalter, Stella"]
[Result "1-0"]
[Termination "normal"]
[Board "9.3"]
[WhiteElo "1095"]
[BlackElo "288"]
[WhiteTeam "SF Bad Mergentheim"]
[BlackTeam "SC Reti Heusweiler"]
[PlyCount "81"]
[BlackFideId "4624815"]
[EventCountry "GER"]
[EventRounds "7"]
[EventType "team-swiss"]
[EventDate "2003.12.26"]

1. d4 f5 2. c4 g6 3. Nf3 Bg7 4. e3 e6 5. Nc3 Nf6 6. Bd2 d5 7. Rc1 Nc6 8. Qb3 b6
9. a3 Bb7 10. Be2 Qd7 11. Qa2 Rd8 12. b3 O-O 13. b4 a6 14. O-O Rfe8 15. Rfe1
dxc4 16. Bxc4 b5 17. Bb3 a5 18. bxa5 Nxa5 19. Ng5 Nxb3 20. Qxb3 Qc6 21. f3 Ba6
22. a4 bxa4 23. Qxa4 Qxa4 24. Nxa4 Rc8 25. Nc5 Bb5 26. Ngxe6 Bc6 27. Ba5 Nd5
28. e4 Nf6 29. exf5 gxf5 30. Bxc7 Re7 31. Bd8 Re8 32. Bxf6 Bxf6 33. Red1 Re7
34. d5 Bd7 35. Nxd7 Rxd7 36. Rxc8+ Kf7 37. Rd8 Bxd8 38. Nxd8+ Rxd8 39. Kf2 Kf6
40. f4 Ke7 41. Ke3 1-0